НЛО - 50 години мистерия (Запис номер 17267)
[ съкратено ]
| 000 -Лидер | |
|---|---|
| Контролно поле с фиксирана дължина | 01989nam a2200361 c 4500 |
| 003 - Код на организацията, давaща контролен номер | |
| Контролно поле | BLK |
| 005 - Дата и час на последна редакция | |
| Контролно поле | 20180422094838.0 |
| 008 - Елементи от данни с фиксирана дължина | |
| fixed length control field | 180413b bul|||||r ||||||| ||bul|| |
| 010 ## - Наследен системен номер | |
| LC control number | KNG00019207000 |
| 020 ## - Международен стандартен номер на книга ISBN | |
| Международен стандартен номер на книга ISBN | 954-9513-13-0 |
| -- | издат.: Мириам |
| 040 ## - Източник на каталожния запис | |
| Идентификатор на билиотеката - собственик на записа | BLK |
| 041 ## - Код за език | |
| Код за езика на текст/звукозапис или на отделно заглавие | Български |
| Код за езика КДБФ | Български |
| 080 ## - УДК | |
| Текстов определител УДК | Разпространяване на научните знания - популяризиране на науката, занимателна наука, учение за явленията научно необяснени, заблуждения и фалшификации, илюзии и др. п., секретност на научните знания |
| УДК код - определител по УДК | 001.9 |
| УДК определител | |
| УДК - код + определител | 001.9 |
| 080 ## - УДК | |
| Текстов определител УДК | Звезди и звездни системи. Вселена - Космически лъчи, междузвездно пространство, Галактика, Млечен път, космология, извънгалактически системи |
| УДК код - определител по УДК | 524 |
| УДК определител | |
| УДК - код + определител | 524 |
| 100 1# - Редна дума - Автор | |
| Автор | Бурде, Жилда |
| Авторска отговорност | първи автор |
| R(LIN) | 261847 |
| 139 ## - Редно поле | |
| Редна дума | Бурде, Жилда |
| Авторски знак | Бур - Б 87 |
| 245 10 - Сведения за заглавието | |
| Заглавие | НЛО - 50 години мистерия |
| Подзаглавни данни | Разсекретени док. на ФБР, ЦРУ, КГБ, ВВС на САЩ |
| Редно поле (дума) | Жилда Бурде; прев. от фр. Петър Оббов. |
| 257 ## - Страна на издаване | |
| Страна на създаване/издаване | Франция |
| 260 ## - Област на издателските данни | |
| -- | София |
| Име на издателя, разпространителя и проч. | Мириам |
| Година на издаване | 1997 |
| 300 ## - Физическа характеристика | |
| Страници | 303 с. |
| Илюстрации и др. | с ил., факс., сх. |
| Размери/Мащаб | 20 см |
| 380 ## - Жанр | |
| Жанр | Общ отдел |
| 500 ## - Общи забележки | |
| Забележка | Ориг. загл. OUNIS - 50 ans de secret / Gildas Bourdais. - Офс. изд. - Библиогр. с. 266-278. |
| 650 #4 - Допълнително описание по предмет – тема | |
| Основно описание – тема или топоним | Извънземни цивилизации |
| 9 (RLIN) | 242018 |
| 650 #4 - Допълнително описание по предмет – тема | |
| Основно описание – тема или топоним | Космология |
| 9 (RLIN) | 159537 |
| 653 ## - Ключова дума – ненормативна | |
| Ключова дума | извънземни цивилизации |
| 653 ## - Ключова дума – ненормативна | |
| Ключова дума | космология |
| 700 1# - Други автори (авторска отговорност) | |
| Лично име | Оббов, Петър |
| Автороска отговорност (Описва отношението между автора и произведението) | прев. от фр. |
| 9 (RLIN) | 364060 |
| 852 ## - Местоположение | |
| Форматна сигнатура | Цб 194123 |
| 856 4# - Електронен адрес и достъп | |
| Електронен формат | pdf - файл |
| Път до файла /url/ | |
| 856 4# - Електронен адрес и достъп | |
| Електронен формат | pdf - файл |
| Път до файла /url/ | |
| 942 ## - АРТИКУЛИ | |
| Вид на библиотечния материал | Книги |
| Скрит в OPAC | Не |
| 944 ## - СЪЗДАВАНЕ И РЕДАКЦИЯ на ЗАПИСА | |
| Създаване/Редакция | Създаване |
| Дата на регистрацията/редакция | 15.01.2003 |
| Служител, извършил регистрацията/редакцията | Геновева_Генчева |
| 944 ## - СЪЗДАВАНЕ И РЕДАКЦИЯ на ЗАПИСА | |
| Създаване/Редакция | Редакция |
| Дата на регистрацията/редакция | 22.04.2010 |
| Служител, извършил регистрацията/редакцията | |
| 999 ## - СИСТЕМНИ КОНТРОЛНИ НОМЕРА | |
| Koha biblionumber | 17267 |
| Koha biblioitemnumber | 17267 |
| Код за отписване | Код за изгубен артикул | Източник на класификационната схема | Код за повреда | Коз за рестрикции | Код за отдаване | Артикулен № | Име на библиотеката - собственик | Име на библиотеката, в която се намира в момента | Статус (Текущо местоположение) | Дата на вписване в системата | Местоположение - отдел | Цена в лева | Инвентарен номер | Систематично азбучна сигнатура | Баркод | Номер на екземпляра | Цена в евро | Служебна бележка | Служебен тип на артикула |
|---|---|---|---|---|---|---|---|---|---|---|---|---|---|---|---|---|---|---|---|
| Не е изгубен | Universal Decimal Classification | Не е повреден | без рестрикции | ползва се в читалня | 29147 | Регионална библиотека "Любен Каравелов" Русе | Регионална библиотека "Любен Каравелов" Русе | Хранилище | 2001-01-01 | Хранилище | 0.00 | 636531 | Цб 194123 | 120000636531 | 1 | 0.00 | Дост: Dp Вид: Д N: 44 Дата: 01.01.1997 | Книги | |
| Не е изгубен | Universal Decimal Classification | Не е повреден | без рестрикции | ползва се в читалня | 29148 | Регионална библиотека "Любен Каравелов" Русе | Регионална библиотека "Любен Каравелов" Русе | Читалня | 1997-01-01 | Читалня | 0.01 | 649875 | Ч 001/Б 87 | 120000649875 | 2 | 0.01 | Дост: Pk Вид: Ф N: стар фонд Дата: 01.01.1997 Дата инв: 21.03.2017 Бележки инв: Ч2017 | Книги |